Landlocked Countries per Letter Quiz Stats

Quiz Updated Jul 14, 2016

Challenge
Share
Tweet
Embed
Score 0/16 Timer 02:00
0 Plays Today
Letter Country % Correct
AAfghanistan, Andorra, Armenia, Austria & Azerbaijan
93.9%
BBelarus, Bhutan, Bolivia, Botswana, Burkina Faso & Burundi
90.2%
LLaos, Lesotho, Liechtenstein & Luxembourg
84.7%
MMacedonia, Malawi, Mali, Moldova & Mongolia
82.6%
ZZambia & Zimbabwe
82.1%
CCentral African Republic, Chad & Czechia
81.5%
SSan Marino, Serbia, Slovakia, South Sudan, Swaziland & Switzerland
81.1%
KKazakhstan, Kosovo & Kyrgyzstan
77%
Letter Country % Correct
UUganda & Uzbekistan
76.7%
NNepal & Niger
75.9%
RRwanda
66.7%
HHungary
65.2%
VVatican City
64.1%
TTajikistan & Turkmenistan
58.2%
EEthiopia
57.4%
PParaguay
53.7%

You're not logged in!

Compare scores with friends on all Sporcle quizzes.
Sign Up with Email
OR
Log In

You Might Also Like...

Show Comments

Extras

Top Quizzes Today


Score Distribution

Your Account Isn't Verified!

In order to create a playlist on Sporcle, you need to verify the email address you used during registration. Go to your Sporcle Settings to finish the process.